000 00404nam a22001577a 4500
999 _c524574
_d524574
003 NUST
038 _aMr. Zahoor
082 _a621.3
100 _aIqra Muhammad
_915377
245 _aTemporal Spam Identification
_cIqra Muhammad
260 _aIslamabad :
_bCEME - NUST,
_c2018.
300 _a54 p. ;
500 _aHardcover.
600 _2Computer Soaftware Engineering - MS Thesis
942 _2ddc
_cTHE